<?xml version="1.0" encoding="UTF-8"?>
<record
    xmlns:xsi="http://www.w3.org/2001/XMLSchema-instance"
    xsi:schemaLocation="http://www.loc.gov/MARC21/slim http://www.loc.gov/standards/marcxml/schema/MARC21slim.xsd"
    xmlns="http://www.loc.gov/MARC21/slim">

  <leader>01916nam a2200265 a 4500</leader>
  <controlfield tag="001">BRCA_8751</controlfield>
  <controlfield tag="005">20190320210407.0</controlfield>
  <controlfield tag="008">100317s1780----sp-#######---#000-0#spa-#</controlfield>
  <datafield tag="041" ind1=" " ind2=" ">
    <subfield code="a">spa</subfield>
  </datafield>
  <datafield tag="044" ind1=" " ind2=" ">
    <subfield code="a">sp</subfield>
  </datafield>
  <datafield tag="084" ind1=" " ind2=" ">
    <subfield code="a">BE114</subfield>
    <subfield code="b">.R63 1780</subfield>
  </datafield>
  <datafield tag="100" ind1="1" ind2=" ">
    <subfield code="a">Rodr&#xED;guez de Arellano, Joseph Xavier</subfield>
    <subfield code="9">21790</subfield>
  </datafield>
  <datafield tag="245" ind1="1" ind2="0">
    <subfield code="a">Avisos espirituales que dio a sus hijas la serafica  doctora S. Teresa de Jes&#xFA;s</subfield>
    <subfield code="c">y explica en platicas de su devoto El Ilmo. Se&#xF1;or Don Joseph Xavier Rodr&#xED;guez de Arellano, Arzobispo de Burgos, del Consejo de su Magestad.</subfield>
  </datafield>
  <datafield tag="260" ind1=" " ind2=" ">
    <subfield code="a">Burgos</subfield>
    <subfield code="b">Por Joseph de Navas, Impresor en dicha Ciudad</subfield>
    <subfield code="c">1780</subfield>
  </datafield>
  <datafield tag="300" ind1=" " ind2=" ">
    <subfield code="a">[18], 507 p. (t.2)</subfield>
    <subfield code="c">20.6 x 14.6 cm.</subfield>
  </datafield>
  <datafield tag="500" ind1=" " ind2=" ">
    <subfield code="a">Con las licencias necesarias</subfield>
  </datafield>
  <datafield tag="500" ind1=" " ind2=" ">
    <subfield code="a">Con marca de fuego: &#x201C;Procedencia de la marca: Colegio de San Jos&#xE9; de Gracia de Orizaba(1). Instituci&#xF3;n: Congregaci&#xF3;n de Propaganda Fide. Descripci&#xF3;n: Monograma conformado por: S[AN]; las iniciales para Jos&#xE9; y las iniciales para Gracia. Observaciones: Rafael Sala asigna la marca a un convento de monjas de la ciudad de M&#xE9;xico. --------- Var&#xED;a respecto de la marca BF-12031 en que el monograma para la palabra Jos&#xE9; es muy distinto pues se nota un tipo de letra m&#xE1;s rectil&#xED;nea y est&#xE1;n m&#xE1;s definidos los patines. Ubicaci&#xF3;n de la marca en el libro: Canto superior&#x201D;</subfield>
  </datafield>
  <datafield tag="500" ind1=" " ind2=" ">
    <subfield code="a">En portada: Y dedica a las venerables preladas, y Religiosas de los Monasterios de su Filiacion</subfield>
  </datafield>
  <datafield tag="500" ind1=" " ind2=" ">
    <subfield code="a">Estado f&#xED;sico: presenta encuadernaci&#xF3;n en pergamino, con cintas y presencia del pez de plata</subfield>
  </datafield>
  <datafield tag="600" ind1="1" ind2="4">
    <subfield code="a">Teresa de Jes&#xFA;s, Santa</subfield>
    <subfield code="d">1515 - 1582</subfield>
    <subfield code="x">Critica e interpretaci&#xF3;n</subfield>
    <subfield code="y">Obras anteriores a 1800</subfield>
    <subfield code="9">21791</subfield>
  </datafield>
  <datafield tag="650" ind1="1" ind2="4">
    <subfield code="a">Misticismo</subfield>
    <subfield code="y">Obras anteriores a 1800</subfield>
    <subfield code="9">21792</subfield>
  </datafield>
  <datafield tag="856" ind1=" " ind2=" ">
    <subfield code="a">http://www.marcasdefuego.buap.mx:8180/xmLibris/projects/firebrand/item.jsp?repository=marcas_de_fuego&amp;key=marcas_de_fuego_franciscanas_20150710115905_e66c.xml&amp;num=77</subfield>
  </datafield>
  <datafield tag="902" ind1=" " ind2=" ">
    <subfield code="a">CFM</subfield>
  </datafield>
  <datafield tag="942" ind1=" " ind2=" ">
    <subfield code="2">lcc</subfield>
    <subfield code="c">B</subfield>
  </datafield>
  <datafield tag="999" ind1=" " ind2=" ">
    <subfield code="c">8403</subfield>
    <subfield code="d">8403</subfield>
  </datafield>
  <datafield tag="952" ind1=" " ind2=" ">
    <subfield code="0">0</subfield>
    <subfield code="1">0</subfield>
    <subfield code="4">0</subfield>
    <subfield code="7">0</subfield>
    <subfield code="a">BRCA</subfield>
    <subfield code="b">BRCA</subfield>
    <subfield code="d">2017-03-10</subfield>
    <subfield code="l">0</subfield>
    <subfield code="o">BE114 .R63 1780</subfield>
    <subfield code="p">CFM00085</subfield>
    <subfield code="r">2019-03-22 00:00:00</subfield>
    <subfield code="w">2019-03-22</subfield>
    <subfield code="y">B</subfield>
  </datafield>
</record>
